000 02124nam a2200325 4500
999 _c6590
_d6590
008 240228b ||||| |||| 00| 0 spa d
022 _a9789873016776
245 1 0 _aRevista de Derechos de daños :
_bresponsabildad civil - II /
_cJorge Mosset Iturraspe ; Ricardo Luis Lorenzetti directores.
260 _aBuenos Aires :
_bRubinzal Culzoni,
_c2025.
300 _a683 p.
_c22 cm.
310 _acuatrimestral
362 _aNo.2 (2025)
505 _tEl daño resarcible. concepto. requisitos. indemnización (enfoque conceptual /
_rJorge Mario Galdós.
505 _tLa indemnización frente al daño que cambia: un desafío para el derecho /
_rAdrián Morea.
505 _tIndemnización de las consecuencias no patrimoniales /
_rLeonel Javier Ciliberto.
505 _tIndemnización por fallecimiento /
_r Nicolás J. Negri.
505 _tDaño moratorio. curso de los intereses /
_r Graciela Lovece.
505 _tFórmulas empleadas para calcular la reparación por incapacidad: una explicación detallada /
_rMatías Irigoyen Testa.
505 _tResponsabilidad directa /
_rFernando Alfredo Sagarna.
505 _tDaños causados por actos involuntarios - un enfoque moderno y sus proyecciones en el ámbito judicial contemporáneo /
_r Viviana Silvia Torello.
505 _tResponsabilidad del principal por el hecho del dependiente en el artículo 1753 del código civil y comercial de la nación argentina /
_r Marcial Sorazábal.
505 _tResponsabilidad por el hecho de los hijos/as (padres, madres y otras personas encargadas) - del modelo de la presunción de culpa al sistema objetivo de responsabilidad civil /
_rAldo M. Di Vito.
505 _tResponsabilidad por el hecho de las cosas y actividades riesgosas /
_rCarlos Molina Sandoval.
505 _tAlgunos aspectos de la responsabilidad civil por daños producidos por animales /
_rJulieta B. Hauser y Federico A. Ossola.
650 0 _93331
_aDAÑO
650 0 _91467
_aRESPONSABILIDAD CIVIL
700 _9528
_aMosset Iturraspe, Jorge
_edirector
700 _9529
_aLorenzetti, Ricardo Luis
_edirector
942 _2udc
_cPP